000 01924cam a22004934i 4500
003 PE-LiUPU
005 20250731184529.0
008 150623s r 000 0 d
035 _a(Sirsi) a21284
040 _aPE-LiUPU
_bspa
_cPE-LiUPU
_erda
082 0 4 _a939.4
_bE33
_221
245 0 0 _aEblaitica :
_bessays on the Ebla archives and Eblaite language /
_ceditado por Cyrus H. Gordon, Gary A. Rendsburg, Nathan H. Winter.
264 1 _aWinona Lake, Indiana :
_bEisenbrauns,
_c1992.
300 _a158 páginas :
_bilustraciones, cuadros, mapas ;
_c26 cm.
336 _atext
_2rdacontent
337 _aunmediated
_2rdamedia
338 _avolume
_2rdacarrier
490 0 _aPublications of the Center for Ebla Research at New York University
504 _aBibliografía al final de cada artículo.
505 0 _aAn outline of the history of Ebla (part 1). -Ebla and the Amorites. -The Ebla electronic corpus : onomastic analysis. -The Ebla exorcisms. -Ebrium at Ebla. -Eblaite sa-su-ga-lum = Hebrew ss gr. -Index.
526 _aP136
526 _aP135
526 _aP134
526 _aP133
526 _aP144
526 _aP143
526 _aP87
526 _aP35
526 _aP20
526 _aP14
526 _aP10
526 _aP06
650 0 4 _aTablillas para escribir
_zEbla (Ciudad desaparecida).
650 0 4 _aLengua Eblaita.
650 0 4 _aEbla (Ciudad desaparecida).
700 1 _aGordon, Cyrus H.,
_eed.
700 1 _aRendsburg, Gary A.,
_eed.
700 1 _aWinter, Nathan H.,
_eed.
942 _2ddc
_cBOOK
949 _a939.4 E33
_wDEWEY
_c1
_i44853
_lCCODEBUL1
_mBUL
_p00.00
_r0
_sY
_tBOOK
_u2015-06-24
_xTEOLOGIA
_PP35
_0COMPRA
_o.STAFF. Colección General
596 _a1
999 _a939.4 E33
_wDEWEY
_c21727
_i44853
_f2021-11-11
_g5
_lCCODEBUL1
_mBUL
_r0
_sY
_tBOOK
_u2015-6-24
_xTEOLOGIA
_PP35
_0COMPRA
_o.STAFF. Colección General
_d21727
980 _81
_gALBERTO SANCHEZ Responsable de Automatización